000 00879nam a2200265Ia 4500
003 OSt
005 20220923211232.0
006 a|||||r|||| 00| 0
007 ta
008 220922b |||||||| |||| 00| 0 hin d
020 _a9788171382323 (hbk)
_c250
024 _a289,685
037 _b24575, 15/03/2016, Kitab Ghar
_cTextual
040 _aARTS
_cARTS
_bhin
041 _2hin
_ahin
082 _aY:4515.2, 152Q1
100 _aगीताश्री
_9156277
245 0 _aऔरत की बोली
246 _aAurat kī bolī
260 _aनई दिल्ली
_b सामायिक प्रकाशन
_c2011
300 _a175पृ.
_ccm.
650 _aभारतीय-लोक साहित्य
942 _hY:4515.2, 152Q1
_cTEXL
_2CC
999 _c297402
_d297402